| Поле | Название | Значение |
| |
Тип записи |
m |
| |
Библиографический уровень |
m |
| 001 |
Контрольный номер |
d4362c7f6ff54de2b563cf510555a464 |
| 005 |
Дата корректировки |
20140506155557.9 |
| 200 |
Заглавие и сведения об ответственности |
__ |
| a |
Заглавие |
Инновационный менеджмент [Электронный ресурс] |
| e |
Сведения, относящиеся к заглавию |
учебный компьютерный курс |
| 205 |
Сведения об издании |
__ |
| a |
Основные сведения об издании |
Электрон. дан. и прог. |
| 210 |
Выходные данные |
__ |
| a |
Место издания |
Саратов |
| c |
Издательство |
Диполь |
| d |
Дата издания |
2007 |
| 215 |
Физическое описание |
__ |
| a |
Объем |
1 электрон. опт. диск (CD-ROM) |
| 225 |
Серия |
__ |
| a |
Серия |
Вузовская серия |
| 330 |
Аннотация |
__ |
| a |
Аннотация |
Рассмотрены: вопросы возникновения и становления инновационного менеджмента; основные пути реализации новых идей; элементы инновационного процесса и жизненного цикла нововведения; этапы организации разработки новой продукции; методы организации инновационного процесса; разработка целевых программ и проектов. |
| 606 |
Тематические рубрики |
__ |
| a |
Основная рубрика |
Экономика организации (предприятия, фирмы) |
| 610 |
Ключевые слова |
__ |
| a |
Ключевые слова |
электронные ресурсы; инновационный менеджмент; инновационные процессы; инновационные проекты |
| 686 |
Индексы других классификаций |
__ |
| a |
Классификационный индекс |
65.291.551-21 |
| 2 |
Код системы |
rubbk |
| 899 |
Данные о местонахождении |
__ |
| j |
Расстановочный фильтр |
65.291.551-21 |
| c |
Местонахождение стеллажа (устаревшее) |
65.291.551-21 |
| i |
Авторский знак |
И 665 |
| 938 |
Служебная информация |
__ |
| a |
Название организации |
Волгоградский филиал |
| b |
Имя БД |
Каталог_ВКИ |
| c |
Название АИБС |
АИБС МАРК-SQL |